Metalwork jewelry: (Record no. 760)

MARC details
000 -LEADER
fixed length control field 00540nam a22001817a 4500
005 - DATE AND TIME OF LATEST TRANSACTION
control field 20230729073021.0
008 - FIXED-LENGTH DATA ELEMENTS--GENERAL INFORMATION
fixed length control field 230131b |||||||| |||| 00| 0 eng d
020 ## - INTERNATIONAL STANDARD BOOK NUMBER
International Standard Book Number 978-1-78249-653-3
082 ## - DEWEY DECIMAL CLASSIFICATION NUMBER
Classification number G.S. 739.27 P485 2018
100 ## - MAIN ENTRY--PERSONAL NAME
Personal name Peterson, Linda
Relator term author
245 ## - TITLE STATEMENT
Title Metalwork jewelry:
Remainder of title 35 step-by-step projects inspired by steampunk /
Statement of responsibility, etc. Linda Peterson
260 ## - PUBLICATION, DISTRIBUTION, ETC.
Place of publication, distribution, etc. London:
Name of publisher, distributor, etc. Cico Books,
Date of publication, distribution, etc. c2018
300 ## - PHYSICAL DESCRIPTION
Extent 128p.:
Other physical details col. ill.
504 ## - BIBLIOGRAPHY, ETC. NOTE
Bibliography, etc. note Includes index
541 ## - IMMEDIATE SOURCE OF ACQUISITION NOTE
Accession number 6952
650 ## - SUBJECT ADDED ENTRY--TOPICAL TERM
Topical term or geographic name entry element Jewelry making
650 ## - SUBJECT ADDED ENTRY--TOPICAL TERM
Topical term or geographic name entry element Art metal-work
Holdings
Withdrawn status Lost status Source of classification or shelving scheme Damaged status Not for loan Home library Current library Date acquired Total Checkouts Full call number Barcode Date last seen Copy number Price effective from Koha item type
    Dewey Decimal Classification     ctu-moalboal ctu-moalboal 03/03/2021   G.S. 739.27 P485 2018 6952 01/31/2023 1 01/31/2023 Books - Graduate School